| 000 | 01798cam a2200361 i 4500 | ||
|---|---|---|---|
| 001 | 200453891 | ||
| 003 | TR-AnTOB | ||
| 005 | 20250728150614.0 | ||
| 007 | ta | ||
| 008 | 230811s2002 tu a b 00100 tur d | ||
| 040 |
_aCUKUROVA _beng _erda _cTR-AnTOB _dTR-AnTOB |
||
| 041 | 1 |
_atur _heng |
|
| 060 |
_aWG 100 _bH966 2002 |
||
| 096 |
_aWG100 _bH966 2002 |
||
| 240 | 0 | 0 |
_aHurst's the heart. _lTurkish |
| 245 | 0 | 0 |
_aHurst's the heart : _bTürkçe / _ceditörler Valentin Fuster [and others] ; çeviri editörü, Ali Metin Esen. |
| 250 | _a10. baskı. | ||
| 264 | 1 |
_aİstanbul : _bAND Danışmanlık ve Yayıncılık, _c2002. |
|
| 300 |
_a4.volumes (2568 pages) : _billustrations ; _c28 cm |
||
| 336 |
_atext _btxt _2rdacontent |
||
| 337 |
_aunmediated _bn _2rdamedia |
||
| 338 |
_avolume _bnc _2rdacarrier |
||
| 504 | _aBIBINDX | ||
| 505 | 0 | _av.1. Kardiyoloji temel bilimler, hastanın genel değerlendirilmesi -- v.2. Kalp yetersizliği, ritim ve ileti bozuklukları, senkop, ani ölüm ve kardiopulmoner ressüssitasyon -- v.3. koronor kalp hastalığı, sistemik arteryel hipertansiyon, pulmoner hipertansiyon ve akciğer hastalıkları, valvuler kalp hastalığı, konjenital kalp hastalığı.-- v.4. kardiyomiyopati ve spesifik kalp kası hastalıkları, perikard hastalıkları ve endokardit, kalp, anestezi ve cerrahi, çeşitli hastalık ve durumlar, büyük damarların ve periferik damarların hastalıkları, etkin maliyetli stratejiler sigorta ve yasal problemler. | |
| 650 | 1 | 2 |
_aHeart _9124526 |
| 650 | 1 | 2 |
_aHeart Diseases _9124991 |
| 650 | 2 | 2 |
_aCardiovascular Diseases _96012 |
| 700 | 1 |
_aFuster, Valentin _9149436 |
|
| 700 | 1 |
_aHurst, J. Willis _q(John Willis), _d1920-2011 _9149437 |
|
| 700 | 1 |
_aEsen, Ali Metin _9147332 |
|
| 942 |
_2NLM _cBK |
||
| 999 |
_c200453891 _d72103 |
||